| 000 | 00833cam a2200241 4500 | ||
|---|---|---|---|
| 001 | ABS62288 | ||
| 008 | 000000n2000 000 0 eng u | ||
| 035 | _a(Sirsi) u106045 | ||
| 100 | _aButton, R. | ||
| 100 | _aMills, R. | ||
| 245 | _aPublic sector procurement: the Harmon case | ||
| 260 | _c2000 | ||
| 490 |
_aCSM _bChartered Surveyor Monthly _vMay 2000, 24(1) |
||
| 520 | _aReports on the Harmon case, which concerned the tenders for the House of Commons new offices. Warns that a failure to comply with European legislation can prove expensive. | ||
| 590 | _aABS | ||
| 650 | _aPUBLIC SECTOR PROCUREMENT | ||
| 650 | _aHOUSE OF COMMONS | ||
| 650 | _aTENDERS | ||
| 650 | _aEC DIRECTIVES | ||
| 650 | _aHARMON CFEM FACADES (UK) V CORPORATE OFFICER OF THE HOUSE OF COMMONS | ||
| 690 |
_aProcurement _96260 |
||
| 942 | _n0 | ||
| 999 |
_c63517 _d63517 |
||